Normal view
MARC view
Entry Topical Term
001 - CONTROL NUMBER
- control field: 27810
003 - CONTROL NUMBER IDENTIFIER
- control field: OSt
005 - DATE AND TIME OF LATEST TRANSACTION
- control field: 20210929121631.0
008 - FIXED-LENGTH DATA ELEMENTS
- fixed length control field: 210929|| aca||aabn | a|a d
040 ## - CATALOGING SOURCE
- Original cataloging agency: OSt
- Transcribing agency: OSt
150 ## - HEADING--TOPICAL TERM
- Topical term or geographic name entry element: Fake news, Personal lies, Speaker–audience relationship, Social media
670 ## - SOURCE DATA FOUND
- Source citation: Work cat.: (OSt): Chiu, Ming Ming Oh, Yu Won 27809, How fake news differs from personal lies
